<?xml version="1.0" encoding="UTF-8"?>
<collection xmlns="http://www.loc.gov/MARC21/slim">
 <record>
  <leader>00965cam a2200205 7i4500</leader>
  <controlfield tag="001">0000019470</controlfield>
  <controlfield tag="005">20020716090000.0</controlfield>
  <datafield tag="020" ind1="#" ind2="0">
   <subfield code="a">9251040184 (FAO) </subfield>
  </datafield>
  <datafield tag="020" ind1="#" ind2="0">
   <subfield code="a">0852382472(Fishing News Books) </subfield>
  </datafield>
  <datafield tag="090" ind1="0" ind2="0">
   <subfield code="a">SH 157.8 </subfield>
   <subfield code="b">R345</subfield>
  </datafield>
  <datafield tag="245" ind1="0" ind2="0">
   <subfield code="a">Rehabilitation of rivers for fish : </subfield>
   <subfield code="b">a study undertaken by the European Inland Fisheries Advisory Commission of FAO  </subfield>
   <subfield code="c">edited by Ian G. Cowx and Robin L. Welcomme.</subfield>
  </datafield>
  <datafield tag="260" ind1="#" ind2="#">
   <subfield code="a">Oxford ; Malden, MA: </subfield>
   <subfield code="b">Published by arrangement with the Food and Agriculture Organization of the United Nations (FAO) by Fishing News Books: </subfield>
   <subfield code="b">distributor, Blackwell Science, </subfield>
   <subfield code="c">1998.</subfield>
  </datafield>
  <datafield tag="300" ind1="#" ind2="#">
   <subfield code="a">xxxv, 260 p.: </subfield>
   <subfield code="b">ill.; </subfield>
   <subfield code="c">30 cm..</subfield>
  </datafield>
  <datafield tag="504" ind1="0" ind2="0">
   <subfield code="a">Includes bibliographical references (p. 245-252) and index</subfield>
  </datafield>
  <datafield tag="650" ind1="0" ind2="0">
   <subfield code="a">Stream ecology </subfield>
  </datafield>
  <datafield tag="650" ind1="0" ind2="0">
   <subfield code="a">Fish habitat improvement. </subfield>
  </datafield>
  <datafield tag="700" ind1="1" ind2="1">
   <subfield code="a">Cowx, </subfield>
   <subfield code="h">I. G. </subfield>
  </datafield>
  <datafield tag="700" ind1="1" ind2="1">
   <subfield code="a">Welcomme, </subfield>
   <subfield code="h">Robin L. </subfield>
  </datafield>
  <datafield tag="710" ind1="2" ind2="1">
   <subfield code="a">European Inland Fisheries Advisory Commission </subfield>
  </datafield>
  <datafield tag="999" ind1=" " ind2=" ">
   <subfield code="a">1100005878</subfield>
   <subfield code="b">Book</subfield>
   <subfield code="c">Open Shelf</subfield>
   <subfield code="e">KOLEKSI TERBUKA</subfield>
  </datafield>
 </record>
</collection>
